00540nam a2200181Ia 4500003000900000008004100009020001800050040001600068080001700084100002200101245005800123260003900181300001600220490006300236650001900299650002100318650001900339IN-BaIIA211028s9999 xx 000 0 eng d a0-486-60115-3 cIIA Library a535.338bHER aHerzberg, Gerhard 0aAtomic spectra and atomic structurecGerhard Herzberg aNew YorkbDover Publicationsc1944 axiii, 287p. aDover books on chemistry, physical chemistry, biochemistry aAtomic spectra aAtomic structure aNASA thesaurus